00393nam a2200097Ia 4500008004100000100002100041245012100062260003000183650002100213856006100234160909s9999 xx 000 0 und d aGanska, Karen T. aUnemployed younger baby boom women's career decision-making experiences: An interpretative phenomenological analysis bDuquesne Universityc2016 aENTREPRENEURSHIP uhttp://pqdtopen.proquest.com/doc/1796371643.html?FMT=ABS